|
|
|
|
| LEADER |
00000cam a22000004a 4500 |
| 001 |
musev2_44800 |
| 003 |
MdBmJHUP |
| 005 |
20230905044704.0 |
| 006 |
m o d |
| 007 |
cr||||||||nn|n |
| 008 |
160219t20162016ncu o 00 0 eng d |
| 020 |
|
|
|a 9781469628097
|
| 020 |
|
|
|z 9781469626314
|
| 020 |
|
|
|z 9781469626321
|
| 035 |
|
|
|a (OCoLC)939963477
|
| 040 |
|
|
|a MdBmJHUP
|c MdBmJHUP
|
| 100 |
1 |
|
|a Paik, A. Naomi,
|e author.
|
| 245 |
1 |
0 |
|a Rightlessness :
|b Testimony and Redress in U.S. Prison Camps since World War II /
|c A. Naomi Paik.
|
| 264 |
|
1 |
|a Chapel Hill :
|b The University of North Carolina Press,
|c [2016]
|
| 264 |
|
3 |
|a Baltimore, Md. :
|b Project MUSE,
|c 2016
|
| 264 |
|
4 |
|c ©[2016]
|
| 300 |
|
|
|a 1 online resource (332 pages).
|
| 336 |
|
|
|a text
|b txt
|2 rdacontent
|
| 337 |
|
|
|a computer
|b c
|2 rdamedia
|
| 338 |
|
|
|a online resource
|b cr
|2 rdacarrier
|
| 490 |
0 |
|
|a Studies in United States culture
|
| 500 |
|
|
|a Based on the author's thesis (doctoral - Yale University, 2009) issued under title: Testifying to rightlessness : redressing the camp in narratives of U.S. culture and law.
|
| 505 |
0 |
|
|a Internment remains : the 1988 Civil Liberties Act and racism re-formed -- Residues of rightlessness : ghosts and the afterlife of internment -- Just to stay alive : Haitian refugees and Guantánamo's carceral quarantine -- Not a place to live : resisting rightlessness through word and body -- Creating the enemy combatant: performances of justice and realities of rightlessness -- Living in a dying situation: preserving life at Guantánamo -- Conclusion.
|
| 520 |
8 |
|
|a In this work, A. Naomi Paik grapples with the history of US prison camps that have confined people outside the boundaries of legal and civil rights. In doing so, she reveals a powerful ongoing contest over the nature and meaning of the law, over civil liberties and global human rights, and over the power of the state in people's lives.
|
| 586 |
|
|
|a Asian American Studies Book Award--History, 2018.
|
| 588 |
|
|
|a Description based on print version record.
|
| 610 |
2 |
7 |
|a Guantánamo Bay Detention Camp.
|2 fast
|0 (OCoLC)fst01783445
|
| 610 |
2 |
0 |
|a Guantánamo Bay Detention Camp.
|
| 650 |
|
7 |
|a War and emergency legislation.
|2 fast
|0 (OCoLC)fst01170432
|
| 650 |
|
7 |
|a Terrorism
|x Prevention
|x Law and legislation.
|2 fast
|0 (OCoLC)fst01765505
|
| 650 |
|
7 |
|a Refugees
|x Legal status, laws, etc.
|2 fast
|0 (OCoLC)fst01092822
|
| 650 |
|
7 |
|a Haitians
|x Legal status, laws, etc.
|2 fast
|0 (OCoLC)fst00950485
|
| 650 |
|
7 |
|a Detention of unlawful combatants.
|2 fast
|0 (OCoLC)fst01746627
|
| 650 |
|
7 |
|a Detention of persons.
|2 fast
|0 (OCoLC)fst00891620
|
| 650 |
|
7 |
|a HISTORY
|z United States
|y 20th Century.
|2 bisacsh
|
| 650 |
|
7 |
|a LAW
|x Criminal Law
|x General.
|2 bisacsh
|
| 650 |
|
6 |
|a Detention des combattants illegaux
|z États-Unis.
|
| 650 |
|
6 |
|a Guerre contre le terrorisme, 2001-2009.
|
| 650 |
|
6 |
|a Mesures d'exception
|z États-Unis.
|
| 650 |
|
0 |
|a Haitians
|x Legal status, laws, etc.
|z United States.
|
| 650 |
|
0 |
|a Refugees
|x Legal status, laws, etc.
|z United States.
|
| 650 |
|
0 |
|a Detention of unlawful combatants
|z United States.
|
| 650 |
|
0 |
|a Terrorism
|x Prevention
|x Law and legislation
|z United States.
|
| 650 |
|
0 |
|a War on Terrorism, 2001-2009.
|
| 650 |
|
0 |
|a Detention of persons
|z United States.
|
| 650 |
|
0 |
|a War and emergency legislation
|z United States.
|
| 651 |
|
7 |
|a United States.
|2 fast
|0 (OCoLC)fst01204155
|
| 655 |
|
7 |
|a Electronic books.
|2 local
|
| 710 |
2 |
|
|a Project Muse.
|e distributor
|
| 830 |
|
0 |
|a Book collections on Project MUSE.
|
| 856 |
4 |
0 |
|z Texto completo
|u https://projectmuse.uam.elogim.com/book/44800/
|
| 945 |
|
|
|a Project MUSE - Custom Collection
|
| 945 |
|
|
|a Project MUSE - 2016 Complete
|
| 945 |
|
|
|a Project MUSE - 2016 History
|